LIBRARY ONLINE CATALOGUE

History of the Chagga people of Kilimanjaro. (Record no. 12517)

MARC details
000 -LEADER
fixed length control field 00562nam a22001932 4500
001 - CONTROL NUMBER
control field 0000001205
005 - DATE AND TIME OF LATEST TRANSACTION
control field 20151217155808.0
008 - FIXED-LENGTH DATA ELEMENTS--GENERAL INFORMATION
fixed length control field 070227s xx 000 0 eng d
040 ## - CATALOGING SOURCE
Original cataloging agency KABU
Transcribing agency KABU
050 #0 - LIBRARY OF CONGRESS CALL NUMBER
Classification number DT443.3
Item number .C43S73
100 1# - MAIN ENTRY--PERSONAL NAME
Personal name Stahl, Kathleen M.
-- 0000149798
245 10 - TITLE STATEMENT
Title History of the Chagga people of Kilimanjaro.
260 ## - PUBLICATION, DISTRIBUTION, ETC. (IMPRINT)
Place of publication, distribution, etc. London :
Name of publisher, distributor, etc. Moulton,
Date of publication, distribution, etc. 1964.
300 ## - PHYSICAL DESCRIPTION
Extent 394 p.
600 10 - SUBJECT ADDED ENTRY--PERSONAL NAME
Personal name Chagga (African people)
Geographic subdivision Tanzania.
-- 0000149799
908 ## - PUT COMMAND PARAMETER (RLIN)
Put command parameter 070227
950 ## - LOCAL HOLDINGS (RLIN)
-- 1
Holdings
Withdrawn status Lost status Source of classification or shelving scheme Not for loan Home library Current library Date acquired Total Checkouts Full call number Barcode Date last seen Price effective from Koha item type
    Library of Congress Classification   Kabarak, Main Campus Kabarak, Main Campus 17/12/2015   DT443.3 .C43S73 c. 1 001785 17/12/2015 17/12/2015 Africana Collection